Titres de chansons - ANTONYMES 3 - Statistiques

Statistiques générales
  • Ce quiz a été pris 144 fois
  • Le résultat moyen est 11 sur 15
Statistiques - réponses
Antonyme Titre % Correct
Papa a raison Maman a tort
97%
Grand frère Petite sœur
95%
Mourir pour le pire Vivre pour le meilleur
95%
Ici Là-bas
94%
Homme que je hais Femme que j'aime
93%
La fausse mort La vraie vie
92%
Vivre en coulisses Mourir sur scène
92%
Le jour je dis la vérité La nuit je mens
86%
L'appartement rouge La maison bleue
78%
Chiffre à un homme Lettre à une femme
77%
Toutes différentes Tous les mêmes
74%
Acide Basique
45%
Mon ennemie la bleue Mon amie la rose
42%
Je marche Je vole
27%
L'Est Républicain ou tout Le monde ou rien
5%
Aucun quiz correspondant
Distribution des résultats
% des personnes avec chaque résultat
Percentile par nombre de réponses
Votre historique - résultats
Vous n’avez pas pris ce quiz